| 000 | 00505nam a2200169Ia 4500 | ||
|---|---|---|---|
| 999 |
_c28056 _d28056 |
||
| 003 | OSt | ||
| 005 | 20201202111903.0 | ||
| 008 | 190216s9999||||xx |||||||||||||| ||und|| | ||
| 040 | _coclc | ||
| 082 |
_a894.8124 _bNAM/V |
||
| 100 |
_aNamboodiripad, E M S _95938 |
||
| 245 | 0 |
_aVayanayude Azhangalil / _cE M S Namboodiripad |
|
| 260 |
_bChintha Publishers, _aThiruvananthapuram: _c1997. |
||
| 300 | _a360p | ||
| 650 | _aLekhanam | ||
| 942 |
_cBK _2ddc _h894.8124 _iNAM/V _k894.8124 _mNAM/V |
||